000 00739nam a2200229Ia 4500
003 GCL
008 140319s9999 xx 000 0 ara d
040 _aGCL /
_cGCL
082 0 4 _a370.15
_bن ت
100 1 _aنادر فهمى الزيود
245 1 0 _aالتعلم والتعليم الصفى /
_cنادر فهمى الزيود
700 1 _aهشام عامر عليان
700 1 _aصالح ذياب هندى
700 1 _aتيسير مفلح كوافحة
260 _aالقاهرة :
_bدار الفلسفة ،
_c1993
300 _a215 ص
650 0 4 _aالتعليم
650 0 4 _aالتربية
650 0 4 _aالاجتماع التربوى - علم
650 0 4 _aالتربية والتعليم
942 _2ddc
_cBK
999 _c29627
_d29627